Statistics for Most Populous Islands in North America

Click here to take the quiz!

General Stats

  • This quiz has been taken 26 times
    (13 since last reset)
  • The average score is 14 of 24

Answer Stats

PopulationIsland% Correct
11.3 mCuba
100%
22.3 mHispaniola
100%
1.3 mTrinidad
100%
279 kBarbados
91%
3 mJamaica
91%
8 mLong Island
91%
167 kSaint Lucia
91%
1.7 mManhattan Island
82%
390 kMartinique
82%
3.3 mPuerto Rico
82%
496 kStaten Island
73%
522 kNewfoundland
64%
109 kSaint Vincent
64%
870 kVancouver Island
64%
157 kCuraçao
55%
2 mMontreal
55%
103 kAruba
45%
211 kNew Providence
36%
154 kPrince Edward Island
36%
198 kGrande-Terre
18%
132 kCape Breton Island
0%
169 kCarmen Island (Campeche)
0%
438 kÎle Jésus
0%
219 kLulu Island
0%

Score Distribution

Percentile by Number Answered

Percent of People with Each Score

Your Score History

You have not taken this quiz since the last reset